[Event "Superettan(Upsala-Kamraterna)"]
[Site "?"]
[Date "2017.03.26"]
[Round "9"]
[White "Hamark, Jesper"]
[Black "Cederberg, Karl Olof"]
[Result "1-0"]
[WhiteElo "2291"]
[BlackElo "2209"]
[PlyCount "143"]
1. c4 e5 2. g3 f5 3. d4 exd4 4. Qxd4 Nc6 5. Qd3 d5 6. Qxd5 Qxd5 7. cxd5 Nb4 8.
Na3 Nxd5 9. Bg2 Ngf6 10. Nf3 Bb4+ 11. Bd2 Be7 12. O-O Ne4 13. Rfd1 Bf6 14. Rab1
Be6 15. Be1 c5 16. Nd2 Nxd2 17. Rxd2 Nb4 18. Bxb7 Rb8 19. Bf3 Nxa2 20. Rc2 O-O
21. Rxc5 Bxb2 22. Rb5 Rxb5 23. Nxb5 Be5 24. Nxa7 Nc3 25. Rb6 Bf7 26. Nc6 Bf6
27. Bxc3 Bxc3 28. Ne7+ Kh8 29. Nxf5 Bf6 30. Kg2 Bg6 31. Nd6 Be5 32. Nc4 Bf6 33.
Rb7 h6 34. h4 Bf7 35. Nd6 Be6 36. Ne4 Bd4 37. Rb4 Ba7 38. Ra4 Bb8 39. Nc5 Bf5
40. Be4 Bd6 41. Nb7 Bc7 42. Bxf5 Rxf5 43. Rc4 Bb6 44. e3 Rf6 45. Rc8+ Kh7 46.
Nc5 Rd6 47. Ne4 Re6 48. Kf3 Re7 49. Rc6 Rf7+ 50. Kg2 Ba7 51. g4 Re7 52. Ng3 Bb8
53. Nf5 Rf7 54. Re6 h5 55. Nd6 Bxd6 56. Rxd6 hxg4 57. Rd4 Kh6 58. Rxg4 Kh5 59.
Kg3 g6 60. Ra4 Rb7 61. Ra5+ Kh6 62. Ra1 Rb4 63. Re1 Re4 64. Re2 Kh5 65. f3 Ra4
66. e4 Ra1 67. e5 Rg1+ 68. Kf4 Ra1 69. e6 Ra8 70. Ke5 Ra5+ 71. Kf6 Rf5+ 72. Kg7
1-0

[Event "Superettan(Vaxjo-Rockaden,Sthlm II)"]
[Site "?"]
[Date "2017.03.26"]
[Round "9"]
[White "Berglind, Axel"]
[Black "Lindahl, Emil"]
[Result "1-0"]
[WhiteElo "2093"]
[BlackElo "2180"]
[PlyCount "119"]
1. c4 c5 2. Nf3 Nf6 3. g3 b6 4. Bg2 Bb7 5. O-O e6 6. Nc3 Be7 7. d4 cxd4 8. Qxd4
d6 9. b3 Nbd7 10. Ba3 Nc5 11. Rad1 O-O 12. Nb5 Ne8 13. Rfe1 a6 14. Nc3 Qc7 15.
Bxc5 bxc5 16. Qf4 Rd8 17. e4 Bc6 18. Rd3 Qb7 19. Qe3 Nf6 20. Nd5 Rfe8 21. Nxe7+
Qxe7 22. e5 Ng4 23. Qd2 dxe5 24. Nxe5 Nxe5 25. Rxe5 Rxd3 26. Qxd3 Rd8 27. Qe2
Bxg2 28. Kxg2 Rd4 29. Qf3 f6 30. Qa8+ Kf7 31. Re3 Qd6 32. Qb7+ Kg6 33. Qc8 e5
34. Qe8+ Kh6 35. h3 Qd7 36. Qxd7 Rxd7 37. Kf3 a5 38. Ke2 Kg6 39. Rd3 Rc7 40.
Rd6 a4 41. Rb6 axb3 42. axb3 Kf5 43. Ke3 h5 44. Rb5 Rc6 45. f3 g6 46. Kd3 h4
47. gxh4 Kf4 48. Ke2 Kg3 49. Rb8 Kxh3 50. Rg8 f5 51. h5 gxh5 52. Rg5 Rf6 53.
Rxh5+ Kg3 54. Ke3 Rf7 55. Rg5+ Kh4 56. f4 Rf8 57. Rg7 exf4+ 58. Kxf4 Kh3 59.
Rb7 Kg2 60. Rb5 1-0

[Event "Superettan(Upsala-Kamraterna)"]
[Site "?"]
[Date "2017.03.26"]
[Round "9"]
[White "Malm Lindberg, Henrik"]
[Black "Mohammadi, Amir"]
[Result "1/2-1/2"]
[WhiteElo "2232"]
[BlackElo "2297"]
[PlyCount "51"]
1. e4 e5 2. Nf3 Nc6 3. Bb5 Bc5 4. O-O Nd4 5. Nxd4 Bxd4 6. c3 Bb6 7. d4 c6 8.
Ba4 d6 9. dxe5 dxe5 10. Qxd8+ Bxd8 11. Be3 Be6 12. Bb3 Bxb3 13. axb3 a6 14. b4
Bc7 15. Nd2 O-O-O 16. Nc4 Nf6 17. f3 Rd3 18. Rfd1 Rhd8 19. Rxd3 Rxd3 20. Kf2 b5
21. Na5 Bxa5 22. Rxa5 Kb7 23. Ra1 Ne8 24. Ke2 Rd7 25. Bc5 Nc7 26. Be3 1/2-1/2

[Event "Superettan(Vaxjo-Rockaden,Sthlm II)"]
[Site "?"]
[Date "2017.03.26"]
[Round "9"]
[White "Olofsson-Dolk, Mattis"]
[Black "Hanoman, Tony"]
[Result "1-0"]
[WhiteElo "2210"]
[BlackElo "2027"]
[PlyCount "71"]
1. d4 Nf6 2. c4 e6 3. Nc3 Bb4 4. e3 b6 5. Nge2 Ba6 6. a3 Bxc3+ 7. Nxc3 d5 8.
Qf3 O-O 9. g4 c6 10. g5 Nfd7 11. cxd5 cxd5 12. Bxa6 Nxa6 13. h4 b5 14. O-O f5
15. Bd2 Qb6 16. Rac1 Qb7 17. Ne2 Nb6 18. b3 Rac8 19. Nf4 Qd7 20. Bb4 Nxb4 21.
axb4 Rxc1 22. Rxc1 Rc8 23. Rc5 Rxc5 24. bxc5 Nc8 25. Nd3 Ne7 26. Qf4 Nc6 27.
Ne5 Nxe5 28. Qxe5 Kf7 29. b4 Ke8 30. Qb8+ Kf7 31. Kg2 Kg6 32. Qa8 f4 33. exf4
e5 34. Qb8 Qf5 35. Qe8+ Qf7 36. h5+ 1-0

[Event "Superettan(Upsala-Kamraterna)"]
[Site "?"]
[Date "2017.03.26"]
[Round "9"]
[White "Madebrink, Lars"]
[Black "Marttala, Thomas"]
[Result "0-1"]
[WhiteElo "2230"]
[BlackElo "2181"]
[PlyCount "112"]
1. c4 Nf6 2. Nf3 c6 3. d4 g6 4. Nc3 d5 5. e3 Bg7 6. Bd3 O-O 7. O-O c5 8. dxc5
dxc4 9. Bxc4 Qa5 10. Qe2 Qxc5 11. h3 Nc6 12. a3 Qh5 13. e4 Nd7 14. Be3 Nde5 15.
Nxe5 Qxe2 16. Bxe2 Bxe5 17. Rfd1 Be6 18. f4 Bg7 19. e5 f6 20. exf6 Bxf6 21.
Rac1 Rad8 22. Bf3 Bb3 23. Bd5+ Bxd5 24. Rxd5 Rxd5 25. Nxd5 Bxb2 26. Rb1 Bxa3
27. Rxb7 Bd6 28. g3 a5 29. Rb6 Nb4 30. Nxb4 axb4 31. Kg2 Rc8 32. Kf3 Kf7 33.
Bd4 Ke6 34. Be5 Rc4 35. g4 Kd5 36. Bxd6 exd6 37. f5 gxf5 38. gxf5 Ke5 39. f6
Rf4+ 40. Kg3 d5 41. f7 Rxf7 42. Rxb4 d4 43. Rb8 d3 44. Rd8 Ke4 45. Kg4 Rg7+ 46.
Kh5 Rg2 47. h4 Rh2 48. Kg5 Ke3 49. h5 d2 50. Kh6 Rh1 51. Rd7 Rh4 52. Rd5 Rd4
53. Rxd4 Kxd4 54. Kxh7 d1=Q 55. h6 Qh5 56. Kg7 Qg5+ 0-1

[Event "Superettan(Vaxjo-Rockaden,Sthlm II)"]
[Site "?"]
[Date "2017.03.26"]
[Round "9"]
[White "Nikolic, Vladan"]
[Black "Sevastianov, Andrii"]
[Result "1-0"]
[WhiteElo "2087"]
[BlackElo "2172"]
[PlyCount "47"]
1. d4 d5 2. c4 dxc4 3. Nf3 a6 4. e3 b5 5. a4 Bb7 6. b3 e6 7. axb5 axb5 8. Rxa8
Bxa8 9. bxc4 bxc4 10. Bxc4 c5 11. Ne5 Nc6 12. Qa4 Qa5+ 13. Qxa5 Nxa5 14. Bb5+
Ke7 15. Ba3 Nb3 16. dxc5 Nh6 17. O-O Kf6 18. f4 g5 19. fxg5+ Kxg5 20. Rf4 f5
21. Bb2 Rg8 22. Be8 Bxc5 23. Nf3+ Bxf3 24. h4# 1-0

[Event "Superettan(Upsala-Kamraterna)"]
[Site "?"]
[Date "2017.03.26"]
[Round "9"]
[White "Johansson, Carl Fredrik"]
[Black "Borvander, Tom"]
[Result "1-0"]
[WhiteElo "2201"]
[BlackElo "2153"]
[PlyCount "79"]
1. d4 Nf6 2. c4 g6 3. Nc3 Bg7 4. e4 d6 5. f4 O-O 6. Nf3 c5 7. d5 e6 8. Be2 exd5
9. cxd5 Bg4 10. O-O Nfd7 11. Nb5 Nb6 12. a4 a6 13. Nc3 N8d7 14. h3 Bxf3 15.
Bxf3 Re8 16. Qc2 Qc7 17. g4 Nc4 18. Qd3 Na5 19. Bd1 c4 20. Qf3 b5 21. axb5 axb5
22. Be3 Reb8 23. e5 Nc5 24. Kh1 Nd3 25. Rb1 b4 26. Ne4 Nb7 27. Bc2 dxe5 28.
Bxd3 cxd3 29. Rbc1 Qe7 30. f5 gxf5 31. gxf5 f6 32. d6 Qd8 33. Rc6 Kh8 34. Rg1
Qf8 35. Rc7 Nd8 36. Rcxg7 Qxg7 37. Rxg7 Kxg7 38. Qg3+ Kf7 39. Qh4 Nc6 40. Qxh7+
1-0

[Event "Superettan(Vaxjo-Rockaden,Sthlm II)"]
[Site "?"]
[Date "2017.03.26"]
[Round "9"]
[White "Moren, Bjorn"]
[Black "Crevatin, Leo"]
[Result "1-0"]
[WhiteElo "2083"]
[BlackElo "1976"]
[PlyCount "131"]
1. e4 c5 2. Nc3 Nc6 3. g3 e6 4. Bg2 Nge7 5. Nge2 d5 6. exd5 Nxd5 7. Nxd5 exd5
8. d4 cxd4 9. Nxd4 Nxd4 10. Qxd4 Be6 11. Be3 Be7 12. O-O O-O 13. Rfd1 Bf6 14.
Qb4 Qc7 15. c3 Rfd8 16. Bd4 Be7 17. Qb3 Rd7 18. Rd2 b6 19. Rad1 Rad8 20. f4 Bc5
21. Bf3 g6 22. Kg2 Bxd4 23. Rxd4 Qc5 24. R1d2 h5 25. Qd1 Qe7 26. Re2 Qc5 27.
Re5 b5 28. Bxh5 Bf5 29. Bf3 Rd6 30. Rexd5 Rxd5 31. Rxd5 Rxd5 32. Qxd5 Qe3 33.
Qd8+ Kh7 34. Qd1 Be4 35. Bxe4 Qxe4+ 36. Kf2 Qc4 37. Qe2 Qc5+ 38. Qe3 Qh5 39. h4
Qf5 40. Qxa7 Qc2+ 41. Ke3 Qc1+ 42. Ke4 Qc2+ 43. Kd5 Qg2+ 44. Kd6 Qxb2 45. Qxf7+
Kh6 46. Qf8+ Kh7 47. Qf7+ Kh6 48. Qf6 Qa3+ 49. Kd7 Qa7+ 50. Ke8 Qa8+ 51. Ke7
Qa7+ 52. Kd6 Qa3+ 53. Kd5 Qxa2+ 54. Kc5 Qa3+ 55. Kxb5 Qb3+ 56. Kc5 Qa3+ 57. Kd4
Qa4+ 58. Kd5 Qb5+ 59. Ke4 Qe2+ 60. Kd4 Qd2+ 61. Kc5 Qe3+ 62. Kb5 Qd3+ 63. Kb4
Qb1+ 64. Kc5 Qg1+ 65. Qd4 Qxg3 66. Qh8# 1-0

[Event "Superettan(Orgryte-Horndal)"]
[Site "?"]
[Date "2017.03.26"]
[Round "9"]
[White "Marcus, Hakan"]
[Black "Tukhaev, Adam"]
[Result "0-1"]
[WhiteElo "2182"]
[BlackElo "2516"]
[PlyCount "64"]
[SourceDate "2017.04.07"]
1. c4 Nf6 2. Nf3 g6 3. g3 Bg7 4. Bg2 O-O 5. O-O d6 6. Nc3 Nc6 7. Rb1 e5 8. d3
Nd4 9. Nd2 h5 10. e3 Ne6 11. b4 h4 12. Nb3 Ng5 13. Bd2 Kh7 14. Ne4 Nfxe4 15.
dxe4 f5 16. exf5 Bxf5 17. Rc1 e4 18. Nd4 Qd7 19. Nxf5 Qxf5 20. g4 Qe6 21. h3
Rf3 22. Bxf3 exf3 23. Kh1 Rf8 24. Rg1 Nxh3 25. Qf1 Nxg1 26. Qxg1 Bb2 27. Rc2
Be5 28. Bc3 Qxc4 29. Bxe5 Qxc2 30. Bf4 a5 31. bxa5 Ra8 32. g5 Qf5 0-1

[Event "Superettan(Vasteras-Burgsvik)"]
[Site "?"]
[Date "2017.03.26"]
[Round "9"]
[White "Fries-Nielsen, Jens Ove"]
[Black "Akesson, Ralf"]
[Result "0-1"]
[WhiteElo "2337"]
[BlackElo "2413"]
[PlyCount "77"]
1. d4 d5 2. Nc3 Nf6 3. Bf4 a6 4. Qd3 e6 5. e4 dxe4 6. Nxe4 Nxe4 7. Qxe4 Nd7 8.
O-O-O Nf6 9. Qf3 Nd5 10. c4 Nxf4 11. Qxf4 Bd6 12. Qe3 O-O 13. Nf3 Qf6 14. g3 b6
15. Bd3 Bb7 16. Be4 Bxe4 17. Qxe4 c5 18. d5 exd5 19. Rxd5 Rfe8 20. Qd3 Bf8 21.
Ng5 g6 22. Ne4 Qe6 23. f3 b5 24. g4 bxc4 25. Qxc4 Rab8 26. Rhd1 Rb4 27. Qe2
Reb8 28. g5 Be7 29. h4 c4 30. Qh2 Qb6 31. R1d2 Qe3 32. Qe2 Qg1+ 33. Qd1 Qxd1+
34. Kxd1 Rxb2 35. Rxb2 Rxb2 36. Ra5 Rb6 37. Kc2 f5 38. Nd2 Rd6 39. f4 0-1

[Event "Superettan(Schack 08-Stockholm)"]
[Site "?"]
[Date "2017.03.26"]
[Round "9"]
[White "Lissang, Christopher"]
[Black "Laveryd, Peter"]
[Result "1/2-1/2"]
[WhiteElo "2338"]
[BlackElo "2381"]
[PlyCount "57"]
1. d4 Nf6 2. c4 c5 3. d5 b5 4. cxb5 a6 5. bxa6 g6 6. Nc3 Bxa6 7. e4 Bxf1 8.
Kxf1 d6 9. g3 Bg7 10. Kg2 O-O 11. Nf3 Nfd7 12. Qe2 Qa5 13. Nb5 Qb6 14. a4 Na6
15. Nd2 Nc7 16. Nc4 Qb7 17. Nxc7 Qxc7 18. Bd2 Rfb8 19. Bc3 Bxc3 20. bxc3 Nb6
21. Rhb1 Rxa4 22. Rxa4 Nxa4 23. Rxb8+ Qxb8 24. Qc2 Qb5 25. Na3 Qa5 26. Nc4 Qb5
27. Na3 Qa5 28. Nc4 Qb5 29. Na3 1/2-1/2

[Event "Superettan(Orgryte-Horndal)"]
[Site "?"]
[Date "2017.03.26"]
[Round "9"]
[White "Ziegler, Ari"]
[Black "Olsson, Krister"]
[Result "0-1"]
[WhiteElo "2299"]
[BlackElo "2388"]
[PlyCount "92"]
1. d4 g6 2. Bf4 Bg7 3. e3 Nf6 4. Nf3 b6 5. Be2 Bb7 6. h3 c5 7. O-O O-O 8. c4
cxd4 9. exd4 d5 10. Nc3 Nc6 11. Re1 dxc4 12. Bxc4 Rc8 13. Bf1 Nb4 14. Rc1 Nbd5
15. Be5 a6 16. Qb3 e6 17. Nd2 Nd7 18. Nc4 Nxc3 19. Rxc3 Bd5 20. Qa3 Bxc4 21.
Bxc4 Nxe5 22. dxe5 Qd2 23. Ree3 b5 24. Bf1 Rxc3 25. bxc3 Rc8 26. Rd3 Qf4 27.
Qxa6 Rb8 28. Rf3 Qxe5 29. Qa7 Rf8 30. Qb7 Qe1 31. Qxb5 Bxc3 32. a4 Qa1 33. Qd7
Kg7 34. h4 h5 35. g3 Bf6 36. Qb5 Ra8 37. Rf4 Ra7 38. Kg2 Be5 39. Rc4 Bd4 40.
Qb4 e5 41. Rc8 Kh7 42. Bd3 Qxa4 43. Bxg6+ Kxg6 44. Rg8+ Kh7 45. Qf8 Qc6+ 46. f3
Qc2+ 0-1

[Event "Superettan(Vasteras-Burgsvik)"]
[Site "?"]
[Date "2017.03.26"]
[Round "9"]
[White "Bergstrom, Peter"]
[Black "Fries-Nielsen, Niels Jorgen"]
[Result "1/2-1/2"]
[WhiteElo "2280"]
[BlackElo "2302"]
[PlyCount "119"]
[EventDate "2017.??.??"]
1. e4 a6 2. d4 b5 3. Be3 e6 4. Bd3 Bb7 5. Nd2 Nf6 6. Ne2 c5 7. c3 Nc6 8. O-O
Ng4 9. Bf4 g5 10. Bg3 h5 11. d5 Nce5 12. Nc1 h4 13. Bxe5 Nxe5 14. Nf3 Bd6 15.
Nxe5 Bxe5 16. Bc2 Qc7 17. h3 c4 18. Qg4 O-O-O 19. Ne2 exd5 20. Rfd1 Kb8 21.
exd5 f6 22. a4 Qc5 23. axb5 axb5 24. Be4 Rhe8 25. Nd4 Bxd4 26. Rxd4 Re5 27. d6
Bxe4 28. Rxe4 Qxd6 29. Qf3 Qc6 30. Rxe5 Qxf3 31. Rxb5+ Qb7 32. Rxb7+ Kxb7 33.
f4 Re8 34. fxg5 fxg5 35. Kf2 d5 36. Kf3 Kb6 37. Ra4 Kc5 38. Ra5+ Kd6 39. Ra6+
Ke5 40. Rb6 Rf8+ 41. Kg4 Rf2 42. Kxg5 Rxg2+ 43. Kxh4 Ke4 44. Kh5 Kd3 45. h4 Kc2
46. Kh6 Kc1 47. Rb5 Rxb2 48. Rxd5 Kc2 49. h5 Kxc3 50. Kg7 Rg2+ 51. Kh7 Kb2 52.
h6 c3 53. Rc5 c2 54. Kh8 Rg3 55. Rxc2+ Kxc2 56. h7 Ra3 57. Kg8 Ra8+ 58. Kg7 Kd3
59. h8=Q Rxh8 60. Kxh8 1/2-1/2

[Event "Superettan(Schack 08-Stockholm)"]
[Site "?"]
[Date "2017.03.26"]
[Round "9"]
[White "Renman, Nils-Gustaf"]
[Black "Cuoso, Luis"]
[Result "0-1"]
[WhiteElo "2354"]
[BlackElo "2299"]
[PlyCount "78"]
1. d4 d5 2. Nf3 c6 3. c4 Nf6 4. Nc3 a6 5. c5 g6 6. h3 Bg7 7. Bf4 Ne4 8. Rc1 O-O
9. e3 Nxc3 10. Rxc3 Nd7 11. Be2 f6 12. O-O e5 13. Bg3 Re8 14. b4 Nf8 15. dxe5
fxe5 16. e4 h6 17. Bd3 g5 18. Bc2 d4 19. Bb3+ Be6 20. Rd3 Ng6 21. Nd2 Qe7 22.
Bxe6+ Qxe6 23. Qb3 h5 24. Nc4 Kh7 25. Nd6 Qxb3 26. Rxb3 Re7 27. Nf5 Rd7 28. Rd1
Rad8 29. h4 g4 30. f3 gxf3 31. Rxf3 Bf8 32. Kf1 a5 33. a3 Ra8 34. Be1 axb4 35.
axb4 Rf7 36. Rdd3 Ra1 37. g3 b6 38. Nxd4 Rxf3+ 39. Nxf3 bxc5 0-1

[Event "Superettan(Orgryte-Horndal)"]
[Site "?"]
[Date "2017.03.26"]
[Round "9"]
[White "Angskog, Kent"]
[Black "Eksmyr, Johan"]
[Result "0-1"]
[WhiteElo "2181"]
[BlackElo "2166"]
[PlyCount "80"]
1. Nf3 Nf6 2. c4 g6 3. Nc3 d5 4. cxd5 Nxd5 5. Qb3 Nb6 6. d4 Bg7 7. Bf4 Be6 8.
Qc2 Nc6 9. Rd1 Nb4 10. Qb1 N6d5 11. Be5 f6 12. Bg3 Nxc3 13. bxc3 Nxa2 14. Qb2
c6 15. Qa3 Qb6 16. e3 a5 17. Nd2 a4 18. Rb1 Qa5 19. Rxb7 Bf8 20. d5 Bxd5 21. c4
Nc3 22. cxd5 e5 23. d6 Ne4 24. Qa2 Qxd2+ 25. Qxd2 Nxd2 26. Kxd2 a3 27. Bc4 Bxd6
28. Ba2 O-O-O 29. Rb3 Bb4+ 30. Kc1 c5 31. Rd1 Rxd1+ 32. Kxd1 Rd8+ 33. Kc1 Kb7
34. e4 Kc6 35. Rf3 Kb5 36. Bd5 Rd6 37. Kb1 c4 38. Ka2 Kc5 39. Re3 c3 40. f4 c2
0-1

[Event "Superettan(Vasteras-Burgsvik)"]
[Site "?"]
[Date "2017.03.26"]
[Round "9"]
[White "Andersson, Tommy"]
[Black "Norberg, Johan"]
[Result "1/2-1/2"]
[WhiteElo "2404"]
[BlackElo "2298"]
[PlyCount "148"]
1. d4 d6 2. e4 Nf6 3. f3 c5 4. d5 e6 5. c4 g6 6. Nc3 exd5 7. cxd5 Bg7 8. Nge2
a6 9. a4 Nbd7 10. Ng3 O-O 11. Be2 Ne8 12. Be3 Rb8 13. O-O Nc7 14. a5 b5 15.
axb6 Rxb6 16. Ra2 Nb5 17. Nxb5 axb5 18. Qd2 b4 19. b3 Bc3 20. Qc1 Re8 21. Kh1
Rb8 22. Bg5 Qc7 23. f4 f6 24. Bh6 Nb6 25. f5 Be5 26. Rf3 Bb7 27. fxg6 hxg6 28.
Bf4 Bd4 29. Bb5 Ra8 30. Rxa8 Rxa8 31. Qd2 Nd7 32. Bxd7 Qxd7 33. Rf1 Ba6 34. Rc1
Bb5 35. h3 Ra3 36. Rb1 Bc3 37. Qc2 Kg7 38. Ne2 Be5 39. Bc1 Ra8 40. Nf4 Bxf4 41.
Bxf4 Qe7 42. Re1 Ra3 43. Kh2 g5 44. Bg3 Ra8 45. Qd2 Kh7 46. Qf2 Kg7 47. Re3 Bd7
48. Kg1 Ra1+ 49. Kh2 Ra8 50. h4 gxh4 51. Bxh4 Rh8 52. Kg1 Rh6 53. Bg3 Rg6 54.
Qa2 Rg5 55. Bf4 Rg4 56. g3 Bc8 57. Qa5 Qd7 58. Kf2 Kf7 59. Qb6 Ke7 60. Qb8
Rxf4+ 61. gxf4 Qg4 62. Qa7+ Bd7 63. f5 Qf4+ 64. Ke2 Qh2+ 65. Kd1 Qg1+ 66. Re1
Qd4+ 67. Ke2 Qb2+ 68. Kf3 Qxb3+ 69. Re3 Qd1+ 70. Kf4 c4 71. Rg3 Qf1+ 72. Ke3
Qe1+ 73. Kf4 Qf1+ 74. Ke3 Qe1+ 1/2-1/2

[Event "Superettan(Schack 08-Stockholm)"]
[Site "?"]
[Date "2017.03.26"]
[Round "9"]
[White "Ertan, Can"]
[Black "Nyander, Joakim"]
[Result "1-0"]
[WhiteElo "2385"]
[BlackElo "2223"]
[PlyCount "57"]
1. e4 c5 2. Nf3 e6 3. d4 cxd4 4. Nxd4 a6 5. Bd3 Nf6 6. O-O Qc7 7. Nc3 Be7 8.
Kh1 d6 9. f4 Nbd7 10. Qe1 b5 11. b4 Bb7 12. Bb2 Nb6 13. Qe2 O-O 14. Rae1 h6 15.
e5 dxe5 16. fxe5 Nfd7 17. Qg4 Nxe5 18. Nxe6 Nxg4 19. Nxc7 Bd6 20. Nxa8 Bxa8 21.
Ne4 Bxb4 22. Re2 Nd5 23. Bd4 f5 24. Nc5 f4 25. Ne6 f3 26. gxf3 Nf4 27. Nxf4
Rxf4 28. Re8+ Rf8 29. Rxa8 1-0

[Event "Superettan(Orgryte-Horndal)"]
[Site "?"]
[Date "2017.03.26"]
[Round "9"]
[White "Arnelind, Mikael"]
[Black "Rorvall, Goran"]
[Result "1-0"]
[WhiteElo "2177"]
[BlackElo "2165"]
[PlyCount "93"]
1. d4 Nf6 2. c4 e6 3. Nc3 c5 4. d5 exd5 5. cxd5 d6 6. e4 g6 7. Nge2 Bg7 8. Ng3
O-O 9. Be2 Re8 10. O-O a6 11. a4 Nbd7 12. Be3 Qc7 13. Rc1 h5 14. f3 Rb8 15. b4
b6 16. b5 a5 17. Nb1 Bb7 18. Qd2 Rbc8 19. Bc4 Qd8 20. Bg5 Qe7 21. Na3 Qf8 22.
Ba2 Ne5 23. h3 Nh7 24. Be3 Qe7 25. Bb1 Nf8 26. f4 Ned7 27. Nc4 Nh7 28. f5 h4
29. fxg6 fxg6 30. Ne2 Nhf6 31. Nc3 Nh5 32. Bg5 Bd4+ 33. Kh2 Be5+ 34. Nxe5 Qxe5+
35. Kg1 Ng3 36. Rf2 Qh8 37. Qf4 Rf8 38. Qxd6 Ne5 39. Bf6 Qh6 40. Re1 Rce8 41.
Qxb6 Nd7 42. Qxb7 Nxf6 43. d6 Rf7 44. Ba2 Ref8 45. Rxf6 Qd2 46. Rxf7 Qxe1+ 47.
Rf1+ 1-0

[Event "Superettan(Vasteras-Burgsvik)"]
[Site "?"]
[Date "2017.03.26"]
[Round "9"]
[White "Landgren, Andreas"]
[Black "Nygren, Kim"]
[Result "1/2-1/2"]
[WhiteElo "2215"]
[BlackElo "2213"]
[PlyCount "32"]
1. d4 Nf6 2. c4 g6 3. Nc3 Bg7 4. e4 d6 5. Nf3 O-O 6. Be2 Nbd7 7. O-O e5 8. Be3
exd4 9. Nxd4 Re8 10. f3 c6 11. Nc2 Ne5 12. Qd2 Be6 13. b3 d5 14. cxd5 cxd5 15.
exd5 Nxd5 16. Nxd5 Qxd5 1/2-1/2

[Event "Superettan(Schack 08-Stockholm)"]
[Site "?"]
[Date "2017.03.26"]
[Round "9"]
[White "Ingbrant, Johan"]
[Black "Lokander, Martin"]
[Result "0-1"]
[WhiteElo "2362"]
[BlackElo "2311"]
[PlyCount "58"]
1. Nf3 Nf6 2. g3 g6 3. Bg2 Bg7 4. O-O O-O 5. d4 d5 6. c3 Nbd7 7. Bf4 Nh5 8. Be3
Nhf6 9. Nbd2 b6 10. a4 c5 11. a5 Bb7 12. Qb3 Bc6 13. h3 bxa5 14. Ne5 Nxe5 15.
dxe5 Nd7 16. f4 a4 17. Qa3 Qb6 18. b4 cxb4 19. cxb4 Qb7 20. Nf3 Nb6 21. Bc5
Rfc8 22. Nd4 e6 23. Rfc1 a6 24. Qe3 Nd7 25. Bd6 Bf8 26. Bxf8 Nxf8 27. Nxc6 Rxc6
28. Rxa4 Qa7 29. Rc5 Nd7 0-1

[Event "Superettan(Orgryte-Horndal)"]
[Site "?"]
[Date "2017.03.26"]
[Round "9"]
[White "Tiger-Norqvist, Axel"]
[Black "Kumar, Rahul"]
[Result "0-1"]
[WhiteElo "2158"]
[BlackElo "2214"]
[PlyCount "88"]
1. e4 d6 2. d4 g6 3. Nc3 Bg7 4. Nf3 a6 5. a4 Nd7 6. Bc4 h6 7. Be3 e6 8. h3 Ne7
9. O-O O-O 10. Qd2 Kh7 11. Bb3 b6 12. Nh2 Bb7 13. f3 Rc8 14. Ne2 c5 15. c3 c4
16. Bc2 f5 17. g4 Nf6 18. Ng3 Qd7 19. exf5 exf5 20. gxf5 Nxf5 21. Nxf5 gxf5 22.
Ng4 h5 23. Nxf6+ Bxf6 24. Kh2 Rg8 25. Rg1 Qe6 26. Rxg8 Rxg8 27. Rf1 Bh4 28. Bf2
Bg5 29. d5 Qe5+ 30. Bg3 Qxg3+ 31. Kxg3 Bxd2+ 32. Kf2 Kg6 33. Rg1+ Kf7 34. Rd1
Bf4 35. Bxf5 Bc8 36. Bxc8 Rxc8 37. Rd4 Bc1 38. Ke2 b5 39. axb5 axb5 40. Rh4 Rh8
41. b3 Bg5 42. Rd4 Bf6 43. Rf4 Rc8 44. bxc4 Rxc4 0-1

[Event "Superettan(Vasteras-Burgsvik)"]
[Site "?"]
[Date "2017.03.26"]
[Round "9"]
[White "Persson, Mats"]
[Black "Norberg, Erik"]
[Result "0-1"]
[WhiteElo "2289"]
[BlackElo "2238"]
[PlyCount "70"]
1. d4 g6 2. e4 Bg7 3. c3 d6 4. Nf3 Nf6 5. Bd3 O-O 6. O-O c6 7. a4 Qc7 8. Na3
Nbd7 9. Bg5 h6 10. Be3 e5 11. h3 d5 12. Nxe5 dxe4 13. Nxd7 Bxd7 14. Bc2 Rae8
15. Qd2 g5 16. c4 Nh5 17. Bb3 f5 18. c5+ Kh7 19. d5 f4 20. Bd4 f3 21. Bxg7 Kxg7
22. dxc6 bxc6 23. Rfd1 Nf6 24. Nc4 Be6 25. Qd6 Qc8 26. Qg3 Bxc4 27. Bxc4 fxg2
28. h4 Nh5 29. Qc3+ Rf6 30. hxg5 hxg5 31. Rd6 e3 32. Rxf6 Nxf6 33. Kxg2 Qg4+
34. Kf1 Rh8 35. Ke1 Rh1+ 0-1

[Event "Superettan(Schack 08-Stockholm)"]
[Site "?"]
[Date "2017.03.26"]
[Round "9"]
[White "Wiander, Michael"]
[Black "Ottenklev, Niclas"]
[Result "1/2-1/2"]
[WhiteElo "2252"]
[BlackElo "2168"]
[PlyCount "139"]
1. e4 e6 2. d3 d5 3. Nd2 Nf6 4. Ngf3 Be7 5. g3 O-O 6. Bg2 c5 7. O-O Nc6 8. Re1
Qc7 9. e5 Nd7 10. Qe2 b5 11. h4 a5 12. Nf1 Ba6 13. N1h2 b4 14. Bf4 c4 15. Ng4
Qb6 16. Bg5 Bc5 17. dxc4 Bxc4 18. Qd2 Ne7 19. Nf6+ gxf6 20. Bxf6 Nxf6 21. exf6
Nf5 22. Re5 Kh8 23. g4 Bxf2+ 24. Qxf2 Qxf2+ 25. Kxf2 Nd6 26. Nd4 Rac8 27. a4
Ba6 28. b3 Rc3 29. Rae1 Nb7 30. Kg1 Nc5 31. R5e3 Rxe3 32. Rxe3 Rc8 33. g5 Kg8
34. Kh2 Kf8 35. h5 Nd7 36. Bh3 Nc5 37. Bg2 Nd7 38. Bh3 Nc5 39. g6 hxg6 40. hxg6
fxg6 41. Kg1 Bb7 42. Bxe6 Re8 43. Rh3 Nxe6 44. Rh8+ Kf7 45. Rxe8 Kxe8 46. Nxe6
Bc8 47. Nc7+ Kf7 48. Nxd5 Bf5 49. Ne3 Be6 50. Kf2 Kxf6 51. Ke2 Ke5 52. Kd3 Kf4
53. Ng2+ Kg3 54. Ne3 Kf3 55. Nf1 Bf5+ 56. Kd2 g5 57. Ne3 Be6 58. Kd3 Bf7 59.
Kd2 Be6 60. Kd3 Bf7 61. Kd2 g4 62. Nxg4 Kxg4 63. c3 Bxb3 64. cxb4 axb4 65. a5
Kf4 66. Kd3 Ke5 67. a6 Bd5 68. a7 Kd6 69. a8=Q Bxa8 70. Kc4 1/2-1/2

[Event "Superettan(Orgryte-Horndal)"]
[Site "?"]
[Date "2017.03.26"]
[Round "9"]
[White "Fransson, Patrick"]
[Black "Korning, Peter"]
[Result "1/2-1/2"]
[WhiteElo "2133"]
[BlackElo "2080"]
[PlyCount "125"]
1. d4 d5 2. Bg5 Nf6 3. e3 c5 4. c3 Qb6 5. Qc2 Nc6 6. Nd2 e6 7. Ngf3 cxd4 8.
exd4 Bd7 9. Bd3 Rc8 10. a3 a5 11. O-O Be7 12. Rfe1 h6 13. Be3 Qc7 14. Nf1 Bd6
15. Ng3 O-O 16. Qd2 Ng4 17. Nf1 e5 18. dxe5 Ncxe5 19. Nxe5 Bxe5 20. h3 Nxe3 21.
Nxe3 Be6 22. Bf5 Bh2+ 23. Kh1 Bf4 24. Qd3 Bxe3 25. Rxe3 Qd7 26. Bxe6 fxe6 27.
f3 Rf6 28. Rae1 a4 29. Re5 Qc6 30. Qe3 Re8 31. Re2 b6 32. Qd4 Kf7 33. Qg4 g6
34. Qh4 Kg7 35. Qd4 Kf7 36. Rc2 b5 37. Rce2 Rf5 38. Rxf5+ gxf5 39. f4 Qc4 40.
Qe3 Qc6 41. Qf3 Rg8 42. Qe3 Qd6 43. Kh2 Rg6 44. g3 h5 45. h4 Rg8 46. Qa7+ Kg6
47. Qd4 Rc8 48. Kh3 Qd7 49. Qb6 Kf7 50. Qd4 Kg6 51. Re3 Rc4 52. Qh8 Qf7 53. Qb8
Re4 54. Rxe4 fxe4 55. Qxb5 e5 56. Qc6+ Kh7 57. Qd6 Qf5+ 58. Kh2 exf4 59. gxf4
Qg4 60. Qe7+ Kh8 61. Qf6+ Kh7 62. Qe7+ Kh8 63. Qf6+ 1/2-1/2

[Event "Superettan(Vasteras-Burgsvik)"]
[Site "?"]
[Date "2017.03.26"]
[Round "9"]
[White "Orndahl, Markus"]
[Black "Linusson, Pelle"]
[Result "1-0"]
[WhiteElo "2155"]
[BlackElo "2256"]
[PlyCount "71"]
1. e4 e5 2. Nc3 Nf6 3. Nf3 Nc6 4. Be2 d5 5. exd5 Nxd5 6. O-O Nxc3 7. bxc3 Bd6
8. d4 O-O 9. Rb1 h6 10. Re1 e4 11. Nd2 f5 12. Nc4 Rb8 13. g3 Ne7 14. Nxd6 cxd6
15. c4 b6 16. Bf1 Ba6 17. Ba3 Rc8 18. c5 Bxf1 19. cxd6 Nd5 20. Rxf1 Nc3 21. Qe1
Nxb1 22. Qxb1 Qd7 23. Qb3+ Kh8 24. c4 f4 25. c5 f3 26. Kh1 Qh3 27. Rg1 e3 28.
Qxe3 Rce8 29. Qe7 Rxe7 30. dxe7 Re8 31. cxb6 axb6 32. d5 Kg8 33. d6 h5 34. g4
Kf7 35. d7 Qh4 36. g5 1-0

[Event "Superettan(Schack 08-Stockholm)"]
[Site "?"]
[Date "2017.03.26"]
[Round "9"]
[White "Schutz, Ingemar"]
[Black "Thorn, Eric"]
[Result "0-1"]
[WhiteElo "2194"]
[BlackElo "2279"]
[PlyCount "118"]
1. e4 e5 2. f4 exf4 3. Nc3 Qh4+ 4. Ke2 Qe7 5. d3 Nf6 6. Bxf4 d5 7. e5 d4 8. Nb5
Nd5 9. Qd2 Nc6 10. Nf3 Qb4 11. a4 Qxb2 12. Qc1 Qb4 13. Kf2 a6 14. Na3 Nxf4 15.
Qxf4 Qb2 16. Ng5 Bxa3 17. Qxf7+ Kd8 18. Qd5+ Bd7 19. Be2 Rf8+ 20. Kg3 Nxe5 21.
Rxa3 Qxa3 22. Ne6+ Ke7 23. Nxf8 Qd6 24. Qxd6+ Kxd6 25. Nxd7 Kxd7 26. Rb1 Rb8
27. Kf4 Kd6 28. Ke4 Nc6 29. Bf3 b6 30. Kf4 Ne5 31. Be4 h6 32. h4 Rf8+ 33. Kg3
Nd7 34. Bf3 a5 35. Bg4 Nc5 36. Ra1 Rf6 37. Bf3 Rf7 38. Kg4 g6 39. Kg3 Rf6 40.
Kg4 Rf7 41. Kg3 c6 42. Kg4 Rf6 43. Kg3 Na6 44. Re1 Nb4 45. Bd1 Nd5 46. Bf3 Nc3
47. Ra1 Kc5 48. Kf2 Kb4 49. g4 Nxa4 50. Kg3 Nc3 51. g5 hxg5 52. hxg5 Rf5 53.
Kg4 Rc5 54. Kf4 a4 55. Re1 a3 56. Bh5 Rxg5 57. Kxg5 gxh5 58. Re8 a2 59. Ra8 Na4
0-1